Normal view
MARC view
Entry Personal Name
001 - CONTROL NUMBER
- control field: 29702
003 - CONTROL NUMBER IDENTIFIER
- control field: dpl
005 - DATE AND TIME OF LATEST TRANSACTION
- control field: 20110719122949.0
008 - FIXED-LENGTH DATA ELEMENTS
- fixed length control field: 110719|||a|||||| | ||| d
040 ## - CATALOGING SOURCE
- Original cataloging agency: dpl
- Transcribing agency: dpl
100 ## - HEADING--PERSONAL NAME
- Personal name: Munro Leaf
670 ## - SOURCE DATA FOUND
- Source citation: Work cat.: (dpl)50508: Munro Leaf, Three promises to you /, 2008
670 ## - SOURCE DATA FOUND
- Source citation: Work cat.: (dpl)50508: Munro Leaf, Three promises to you /, 2008
